Catálogo Biblioteca Central

La fôret en France (Registro nro. 14214)

Detalles MARC
000 -CABECERA
campo de control de longitud fija 00778naa a2200217 i 4500
001 - NÚMERO DE CONTROL
campo de control 14214
003 - IDENTIFICADOR DEL NÚMERO DE CONTROL
campo de control ES-MaBCM
005 - FECHA Y HORA DE LA ÚLTIMA TRANSACCIÓN
campo de control 20241016091831.0
008 - CÓDIGOS DE INFORMACIÓN DE LONGITUD FIJA
campo de control de longitud fija 910507s1991 fra 000 0 fre d
021 ## -
-- xx
035 ## - NÚMERO DE CONTROL DEL SISTEMA
Número de control de sistema (OCoLC)1293716314
040 ## - FUENTE DE LA CATALOGACIÓN
Centro transcriptor ES-MaBCM
041 0# - CÓDIGO DE LENGUA
Código de lengua del texto/banda sonora o título independiente fre
043 ## - CÓDIGO DE ÁREA GEOGRÁFICA
Código de área geográfica fra
245 03 - MENCIÓN DE TÍTULO
Título La fôret en France
520 ## - SUMARIO, ETC.
Sumario etc. El bosque en el mundo. Panorama de los bosques franceses. Acceso a los bosques. Regiones boscosas. El lugar del bosque en la ordenación del territorio. Reforestación. Protección. Fiscalidad especial. Administración y gestión. Bibliografía, etc
650 27 - PUNTO DE ACCESO ADICIONAL DE MATERIA--TÉRMINO DE MATERIA
Término de materia o nombre geográfico como elemento inicial Montaña
9 (RLIN) 59473
651 #4 - PUNTO DE ACCESO ADICIONAL DE MATERIA--NOMBRE GEOGRÁFICO
Nombre geográfico Francia
9 (RLIN) 115364
773 0# - ENLACE AL DOCUMENTO FUENTE
Encabezamiento principal En:
Título Notes et études documentaires
Lugar editor y fecha de publicación Paris : 1991
Número de control del registro relacionado 104473
Parte(s) relacionada(s) nº 4928, p. 11-142
942 ## - ELEMENTOS DE PUNTO DE ACCESO ADICIONAL (KOHA)
Tipo de ítem Koha Artículos de revistas
Existencias
Estado de retiro Estado de pérdida Estado dañado No para préstamo Localización permanente Ubicación/localización actual Fecha de adquisición Precio válido a partir de Tipo de ítem Koha
        Biblioteca Central del Ministerio de la Presidencia Biblioteca Central del Ministerio de la Presidencia 21/04/2012 21/04/2012 Artículos de revistas